00863 2200217 4500001002100000005001500021035002000036008003900056020001800095041000800113082001300121084001900134100001700153245007600170260003800246300001100284500008700295520018300382650003600565650004400601INLIS00000000000011420220209014147 a0010-0520000114220209 | | |  a9780313073243 aeng a342.7308 a342.7308/WER/F0 aKeith Werhan1 aFreedom of Speech : A Reference Guide to the United States Constitution aCalifornia :bLucent Books,c2004 a176 p. ae-book aProvides an analytical framework for understanding free speech jurisprudence. This handbook includes informative background chapters on the history and theory of free expression. 4aFreedom of speech-United States 4aFreedom of speech-United States-History